Missing Word: 'N' Movies Quiz Stats

 Plays Quiz Updated Mar 14, 2018

Challenge
Share
Tweet
Embed
Score 0/20 Timer 03:00
1 Play Today
Movie Answer % Correct
______ You See MeNow
98.9%
The Girl ______ DoorNext
98.8%
Gangs of ______ YorkNew
98.8%
______ Been KissedNever
97.3%
Chronicles of ______ :Prince CaspianNarnia
96.2%
A ______ on Elm StreetNightmare
95.2%
Mr. ______ GuyNice
95.2%
______ by NorthwestNorth
91.3%
______ Born KillersNatural
90.3%
Ace Ventura: When ______ CallsNature
89.7%
Movie Answer % Correct
District ______ 9
88.9%
A Streetcar ______ DesireNamed
85.9%
______ DynamiteNapoleon
83.1%
______ TreasureNational
80.3%
______ HillNotting
79.8%
Nick and ______ Infinite PlaylistNorah's
68.4%
The ______ GunNaked
67.3%
Sid and ______Nancy
59.1%
_______ NicklebyNicholas
57.7%
The ______ DiariesNanny
44.8%

Today's Daily Dose

You're not logged in!

Compare scores with friends on all Sporcle quizzes.
Join for Free
OR
Log In

You Might Also Like...

Show Comments

Extras

Top Quizzes Today


Score Distribution

Your Account Isn't Verified!

In order to create a playlist on Sporcle, you need to verify the email address you used during registration. Go to your Sporcle Settings to finish the process.

Report this User

Report this user for behavior that violates our Community Guidelines.

Details: